| 000 | 00449nam a22001457a 4500 | ||
|---|---|---|---|
| 008 | 170206b xxu||||| |||| 00| 0 eng d | ||
| 020 | _a9780312055851 | ||
| 050 |
_aPE1408 _b.N77 1991 |
||
| 100 | _aNordquist, Richard F | ||
| 245 |
_aPassages : _ba beginning writer's guide _cRichard,Nordquist |
||
| 260 |
_aNew York : _bSt. Martin's Press, _c1991 |
||
| 300 |
_axviii,58p. _c26cm. |
||
| 650 |
_aEnglish language _xRhetoric,Grammar |
||
| 942 |
_2lcc _cBK |
||
| 999 |
_c48413 _d48413 |
||